000 00318nam a2200121Ia 4500
008 221007s9999 xx 000 0 und d
041 _aeng
082 _bBBC
100 _aBBC Worldwide Ltd.
_996454
245 _aDays That Shook The World : Disc - 3
260 _c2010
_bSaregama India Ltd.
_aKolkata
906 _bGeneral
999 _c60832
_d60832